000 01823nam0a22003851 4500
001 v19\rc\1723094
005 20260407004729.0
035 _a(NLR Aleph) 004820316
090 _a5011676
_c5011676
100 _a20061002d1901 |||y0rusy50 ca
101 0 _arus
_afre
102 _aRU
105 _ay c |||||
200 1 _aУказатель статей по метеорологии и земному магнетизму, напечатанных в изданиях Академии наук и Николаевской главной физической обсерватории с 1894 по 1900 г. включ.
_eДоложено в заседании Физ.-мат. отд-ния 4 окт. 1900 г.
_fЕ.А. Гейнц [библиотекарь Николаев. глаз. физ. обсерватории]
210 _aСанкт-Петербург
_cтип. Акад. наук
_d1901
215 _a[6], 39 с.
_d32
225 1 _aЗаписки Академии наук по физико-математическому отделению
_vТ. 11, № 8
300 _aЧасть текста парал. на рус. и фр. яз.
700 1 _aГейнц
_bЕ.А.
_f1866-1918
_gЕвгений Альфредович
711 0 2 _aНиколаевская главная физическая обсерватория
_cПетербург
_3RU\NLR\AUTH\889995669
_9488308
801 0 _aRU
_bNLR
_gpsbo
801 0 _aRU
_bRuMoRGB
_2psbo
801 1 _aRU
_bProSoft-M
_2rusmarc
852 _aNLR
_j1/450низ
899 _aRuMoRGB
_jXXIV 167/1
899 _aRuMoRGB
_jXXIV 167/2
899 _aRuMoRGB
_jXXIV 167/3
899 _aRuMoRGB
_jXXIV 167/4
899 _aRuMoRGB
_jXXIV 167/5
899 _aБАН
899 _aНБ СПбГУ
899 _aНБ МГУ
942 _cBOOK
980 _aNB